| 000 | 00965nam a2200241Ia 4500 | ||
|---|---|---|---|
| 003 | Ost | ||
| 005 | 20260507074857.0 | ||
| 008 | 260507s9999||||xx |||||||||||||| ||und|| | ||
| 020 | _a9773790408 | ||
| 040 | _cfsecg | ||
| 041 | _aara | ||
| 082 | _a350 | ||
| 100 |
_aالصيرفي، محمد _eمؤلف |
||
| 245 | 0 |
_aالقيادة الإدارية والإبداعية / _c محمد الصيرفي |
|
| 260 |
_aالاسكندرية: _bدار الفكر الجامعي, _c2006 |
||
| 300 |
_a438 صفحة؛ _bإيضاحات ؛ _c24 سم |
||
| 504 | _aبيبليوغرافيا: ص.437 | ||
| 520 | _aإختيار الشخصية المبتكرة، المدير الرئيس، المدير القائد، القيادة والابداع، ارشادات للمدير، مواقف وحالات عملية، استبيانات إدارية متنوعة | ||
| 653 | _aالابداع | ||
| 653 | _aالادارة | ||
| 653 | _aالقيادة | ||
| 942 | _cكتاب | ||
| 999 |
_c41626 _d41626 |
||